| 000 | 015790000a22003370004500 | ||
|---|---|---|---|
| 003 | EG-GICUC | ||
| 005 | 20250223025439.0 | ||
| 008 | 080909s2008 ua e f m 000 0 eng d | ||
| 040 |
_aEG-GICUC _beng _cEG-GICUC |
||
| 041 | 0 | _aEng | |
| 049 | _aDeposite | ||
| 097 | _aM.Sc | ||
| 099 | _aCai01.13.13.M.Sc.2008.Mo.C | ||
| 100 | 0 | _aMohamad Saber Mahmoud | |
| 245 | 1 | 0 |
_aComputer aided roll design for open sections in roll forming process / _cMohamad Saber Mahmoud ; Supervised Abdullah Wifi , Alaa Almokadem |
| 246 | 1 | 5 | _aتصميم الدرافيل بمساعدة الحاسب للقطاعات المفتوحة فى عملية التشكيل بالدرافيل |
| 260 |
_aCairo : _bMohamad Saber Mahmoud , _c2008 |
||
| 300 |
_a89P. : _bcharts ; _c30cm |
||
| 502 | _aThesis (M.Sc.) - Cairo University - Faculty Of Engineering - Department Of Mechanical Design and Production | ||
| 520 | _aCold roll forming (CRF) is a very popular and well known sheet metal forming process for the production of a variety of section profiles in a wide range of ferrous and non - ferrous materials with no restrictions in length.Therefore , the proper design of rolls to achieve the required sections remained as an art that calls for extensive experience | ||
| 530 | _aIssued also as CD | ||
| 653 | 4 | _aDesign | |
| 653 | 4 | _aForming | |
| 653 | 4 | _aRoll | |
| 700 | 0 |
_aAbdullah Shaban Wifi , _eSupervisor |
|
| 700 | 0 |
_aAlaa Almokadem , _eSupervisor |
|
| 856 | _uhttp://172.23.153.220/th.pdf | ||
| 905 |
_aMustafa _eRevisor |
||
| 905 |
_aSamia _eCataloger |
||
| 942 |
_2ddc _cTH |
||
| 999 |
_c13150 _d13150 |
||